How to prepare for quantitative aptitude for the CAT (Record no. 83357)

MARC details
000 -LEADER
fixed length control field 00585 a2200193 4500
005 - DATE AND TIME OF LATEST TRANSACTION
control field 20160310120728.0
008 - FIXED-LENGTH DATA ELEMENTS--GENERAL INFORMATION
fixed length control field 160216b xxu||||| |||| 00| 0 eng d
020 ## - INTERNATIONAL STANDARD BOOK NUMBER
International Standard Book Number 9789339205126
080 ## - UNIVERSAL DECIMAL CLASSIFICATION NUMBER
Universal Decimal Classification number (079):159.98
Item number SHA "2015" R
100 ## - MAIN ENTRY--PERSONAL NAME
Personal name Sharma, Arun
245 ## - TITLE STATEMENT
Title How to prepare for quantitative aptitude for the CAT
250 ## - EDITION STATEMENT
Edition statement 6th rev.ed.
260 ## - PUBLICATION, DISTRIBUTION, ETC. (IMPRINT)
Name of publisher, distributor, etc McGraw Hill Education Pvt.Ltd
Place of publication, distribution, etc New Delhi
Date of publication, distribution, etc 2015
300 ## - PHYSICAL DESCRIPTION
Extent xxix, 715p.
490 ## - SERIES STATEMENT
Series statement McGraw Hill Education series
653 ## - INDEX TERM--UNCONTROLLED
Uncontrolled term Aptitude testing - CAT
653 ## - INDEX TERM--UNCONTROLLED
Uncontrolled term CAT - Common admission test
942 ## - ADDED ENTRY ELEMENTS (KOHA)
item type Reference
Holdings
Lost status Source of classification or shelving scheme Not for loan Home library Current library Date acquired Cost, normal purchase price Total Checkouts Total Renewals Full call number Barcode Date last seen Date checked out Cost, replacement price Price effective from Koha item type
  Universal Decimal Classification   University Library University Library 07/01/2016 0.00 4 1 (079):159.98 SHA"2015" 00073835 06/08/2025 03/07/2025 0.00 07/01/2016 Books
University Library, CUSAT